<?xml version="1.0" encoding="UTF-8"?>
<marc:record xmlns:marc="http://www.loc.gov/MARC21/slim">
   <marc:leader>00000nam a2200000 a 4500</marc:leader>
   <marc:datafield ind1="1" ind2=" " tag="100">
      <marc:subfield code="a">Wiedemann, Christina</marc:subfield>
      <marc:subfield code="4">aut</marc:subfield>
      <marc:subfield code="e">Verfasser/-in</marc:subfield>
   </marc:datafield>
   <marc:datafield ind1=" " ind2=" " tag="653">
      <marc:subfield code="a">Kurkuma</marc:subfield>
   </marc:datafield>
   <marc:datafield ind1="0" ind2="0" tag="245">
      <marc:subfield code="a">Kurkuma</marc:subfield>
   </marc:datafield>
   <marc:datafield ind1="0" ind2="0" tag="245">
      <marc:subfield code="b">Rundum gesund mit goldgelben Wohlfühlrezepten</marc:subfield>
   </marc:datafield>
   <marc:datafield ind1="0" ind2="0" tag="245">
      <marc:subfield code="c">Christina Wiedemann</marc:subfield>
   </marc:datafield>
   <marc:datafield ind1=" " ind2="1" tag="264">
      <marc:subfield code="a">München</marc:subfield>
      <marc:subfield code="b">Gräfe u. Unzer</marc:subfield>
      <marc:subfield code="c">2020</marc:subfield>
   </marc:datafield>
   <marc:datafield ind1=" " ind2=" " tag="250">
      <marc:subfield code="a">1. Aufl.</marc:subfield>
   </marc:datafield>
   <marc:datafield ind1="1" ind2=" " tag="520">
      <marc:subfield code="a">Ein Löffelchen Kurkumapulver - und schon verwandeln sich Currys und Reis, ja selbst Milch und Eis in eine goldgelbe Herrlichkeit. Doch die trendige Powerwurzel kann mehr als nur Farbe und Aroma. Ihre inneren Werte machen sie seit Jahrtausenden zu Asiens Geheimzutat in Küche und ayurvedischer Heilkunst. Wärmend, reinigend und belebend bringt der würzige Allrounder Immunsystem und Stoffwechsel auf Touren und stärkt die Organe. Ganz aktuell: Die moderne Medizin entdeckt und empfiehlt die entzündungs-hemmende Wirkung des Curcumin bei Rheuma und Arthritis, Hauterkrankungen und Ausschläge. Selbst gegen Alzheimer und Krebs soll das wohlschmeckende Naturheilmittel präventiv wirken. Für die gesunde Genussküche ist Kurkuma einfach die goldrichtige Wahl. Neben den spannenden Basisinformationen zeigen 45 Wohlfühlrezepte die Vielseitigkeit von Kurkuma, das würzt, färbt und gut tut in Tees, saftigen Currys, stärkenden Suppen, farbenfrohen Bowls und goldgelbem Eis.</marc:subfield>
   </marc:datafield>
   <marc:datafield ind1=" " ind2=" " tag="020">
      <marc:subfield code="a">9783833872778</marc:subfield>
      <marc:subfield code="9">9783833872778</marc:subfield>
   </marc:datafield>
   <marc:datafield ind1=" " ind2=" " tag="020">
      <marc:subfield code="a">3833872772</marc:subfield>
      <marc:subfield code="9">3833872772</marc:subfield>
   </marc:datafield>
   <marc:datafield ind1=" " ind2=" " tag="300">
      <marc:subfield code="a">95 S.</marc:subfield>
   </marc:datafield>
</marc:record>
